Statistics for World Cities by a Clue A-Z #1

Click here to take the quiz!

General Stats

  • This quiz has been taken 71 times
  • The average score is 19 of 26

Answer Stats

LetterHintAnswer% Correct
NMost populous US cityNew York City
93%
SMost populous city in ChinaShanghai
91%
LMost populous African cityLagos
90%
V3rd most populous Canadian cityVancouver
88%
RHome to 'Christ the Redeemer' StatueRio de Janeiro
88%
WFirst city with identified COVID-19 casesWuhan
87%
T*Most populous city in the worldTokyo
87%
KCapital of British India, also is written with a CKolkata
85%
AHad a namesake libraryAlexandria
85%
J*Located on the world's most populous islandJakarta
85%
C"The Windy City"Chicago
84%
OSecond in its country to the most populous city in the worldOsaka
81%
IFormerly known as ByzantiumIstanbul
81%
XCapital of the Qin dynasty of ChinaXi'an
74%
D*Named an Indian SultanateDelhi
74%
E2nd largest city of the RuhrEssen
74%
U*Capital of the most Sparsely populated UN recognized countryUlaanbaatar
71%
M*Has its country's name in its own name (Not a City State)Mexico City
69%
P*One city from 'A Tale of Two Cities'Paris
65%
YMost populous city in MyanmarYangon
59%
ZCapital of AragonZaragoza
59%
F"The Brazilian Miami"Fortaleza
53%
HAdministered under 'One Country, Two Systems'Hong Kong
53%
B*Home to an ancient house of wisdomBaghdad
51%
G2nd biggest city in its country behind MGuadalajara
51%
QTaken over by Japan in WW1Qingdao
34%

Score Distribution

Percentile by Number Answered

Percent of People with Each Score

Your Score History

You have not taken this quiz